Capitales avec la lettre C comme troisième lettre - Statistiques

Statistiques générales
  • Ce quiz a été pris 138 fois
  • Le résultat moyen est 6 sur 9
Statistiques - réponses
Réponse % Correct
Le Caire
82%
Bucarest
76%
Dacca
75%
Tachkent
71%
Le Cap
64%
Accra
60%
Bichkek
58%
Nicosie
53%
Victoria
49%
Aucun quiz correspondant
Distribution des résultats
% des personnes avec chaque résultat
Percentile par nombre de réponses
Votre historique - résultats
Vous n’avez pas pris ce quiz